| 000 | 00396nam a22001217a 4500 | ||
|---|---|---|---|
| 082 | _a200 THE | ||
| 100 |
_aMehreen Khan _969753 |
||
| 245 | _aTH-SOF-1620-A Model Driven Framework for the Development of Multi-Platform Mobile User Interfaces | ||
| 260 |
_aISLAMABAD _bNUST COLLEGE OF EME _c2019 |
||
| 650 |
_aMS-CSE-2016 MSTHESIS _969754 |
||
| 700 | _aSupervisor Dr. Farooque Azam | ||
| 942 | _cCF | ||
| 999 |
_c576893 _d576893 |
||